| 000 | 01168nam a2200205Ia 4500 | ||
|---|---|---|---|
| 003 | Ost | ||
| 005 | 20260507075341.0 | ||
| 008 | 260507s9999||||xx |||||||||||||| ||und|| | ||
| 040 | _cfsecg | ||
| 041 | _aara | ||
| 082 | _a330 | ||
| 100 |
_aنعمة الله، نجيب ابراهيم _eمؤلف |
||
| 245 | 0 |
_aدليل كتاب مقدمة في الاقتصاد الرياضي / _c نجيب ابراهيم نعمة الله |
|
| 260 |
_aالاسكندرية: _bمؤسسة شباب الجامعة, _c2009 |
||
| 300 |
_a227 صفحة؛ _bإيضاحات ؛ _c25 سم |
||
| 520 | _a-ماهية الاقتصاد الرياضي،بعض المصطلحات والمبادئ الرياضية الأولية،النماذج الخطية،جبر المصفوفات والمتجهات،المشتقات وتطبيقاتها الاقتصادية،التفاضلات والمشتقات الكلية وتطبيقاتها الاقتصادية،النهايات وتطبيقاتها الاقتصادية،الدوال الاسية واللوغارتمية مفهومها-مشتقات | ||
| 653 | _aالإقتصاد | ||
| 653 | _aالإقتصاد الرياضي | ||
| 942 | _cكتاب | ||
| 999 |
_c44094 _d44094 |
||